History Quiz

Random History or War Quiz

General Knowledge Quiz Stats

 Plays Quiz not verified by Sporcle

Support Sporcle.
Go Orange.
Score 0/40 Timer 06:00
0 Plays Today
% Correct
Eisenhower
82.1%
de Gaulle
80.5%
Antony
78.7%
Custer
78%
Odysseus
77.6%
Franco
77.5%
Election
77.4%
Hannibal
75.8%
Rommel
75.1%
Anaesthetic
72.4%
Cromwell
72.3%
Hospital
72.1%
Washington
71.1%
Attorney
69.8%
Surgeon
67.9%
Motors
65.6%
Wellington
64.8%
MacArthur
63.7%
Strike
63.5%
Noriega
63.5%
% Correct
Schwarzkopf
62.7%
Arnold
60.1%
Montgomery
59.9%
Petraeus
58.6%
Lee
58.4%
Electric
55%
Public
52%
Witchfinder
48.8%
von Klinkerhoffen
46.3%
Ludendorff
44.9%
Galtieri
42.3%
Marlborough
42.3%
Haig
36.7%
Kala
35.1%
Melchett
29.5%
Clive
28.7%
Adnan
23.3%
M.Bison
18.3%
Jackson
15.5%
Monck
12.8%

You're not logged in!

Compare scores with friends on all Sporcle quizzes.
OR
Log In

From the Vault

Missing Middles: 'The' Books

by MSUKent

Hopefully you'll be able to find some middle ground.
Remove Ads.
Support Sporcle.
Get the best of Sporcle when you Go Orange. This ad-free experience offers more features, more stats, and more fun while also helping to support Sporcle. Thank you for becoming a member.

Show Comments

Extras

Top Quizzes Today


Score Distribution

Your Account Isn't Verified!

In order to create a playlist on Sporcle, you need to verify the email address you used during registration. Go to your Sporcle Settings to finish the process.

Report this User

Report this user for behavior that violates our Community Guidelines.

Details: